MLB Players Colleges - Statistics

General Stats
  • This quiz has been taken 109 times
  • The average score is 5 of 7
Answer Stats
College Player Team % Correct
LSU Alex Bregman Houston Astros
90%
Vanderbilt Dansby Swanson Atlanta Braves
82%
UCLA Gerrit Cole Houston Astros
66%
NC State Trea Turner Washington Nationals
63%
Indiana Kyle Schwarber Chicago Cubs
61%
Arkansas Andrew Benintendi Boston Red Sox
57%
LSU Aaron Nola Philadelphia Phillies
56%
No matching quizzes found
Score Distribution
Percent of People with Each Score
Percentile by Number Answered
Your Score History
You have not taken this quiz